Hit refresh : the quest to rediscover microsoft's soul and imagine a better future (Record no. 76319)

MARC details
000 -LEADER
fixed length control field 01263nam a2200265 a 4500
008 - FIXED-LENGTH DATA ELEMENTS--GENERAL INFORMATION
fixed length control field 190122s2017 ||||||||||||||||| || u
020 ## - INTERNATIONAL STANDARD BOOK NUMBER
International Standard Book Number 9780008247652
050 ## - LIBRARY OF CONGRESS CALL NUMBER
Classification number HD 9696.63.U62 Nad
100 ## - MAIN ENTRY--PERSONAL NAME
Personal name Nadella, Satya
245 10 - TITLE STATEMENT
Title Hit refresh : the quest to rediscover microsoft's soul and imagine a better future
Statement of responsibility, etc. by Satya Nadella; Greg Shaw and Jill Tracie Nichols
260 ## - PUBLICATION, DISTRIBUTION, ETC.
Place of publication, distribution, etc. London:
Name of publisher, distributor, etc. William Collins
Date of publication, distribution, etc. 2017
300 ## - PHYSICAL DESCRIPTION
Extent xi, 272 pages : illustrations
350 ## -
-- 3.18
650 #0 - SUBJECT ADDED ENTRY--TOPICAL TERM
Topical term or geographic name entry element ORGANIZATIONAL CHANGE
650 ## - SUBJECT ADDED ENTRY--TOPICAL TERM
Topical term or geographic name entry element COMPUTER SOFTWARE--INDUSTRY--UNITED STATES
650 ## - SUBJECT ADDED ENTRY--TOPICAL TERM
Topical term or geographic name entry element TECHNOLOGICAL INNOVATIONS--SOCIAL ASPECTS
650 #0 - SUBJECT ADDED ENTRY--TOPICAL TERM
Topical term or geographic name entry element INFORMATION SOCIETY
650 ## - SUBJECT ADDED ENTRY--TOPICAL TERM
Topical term or geographic name entry element MICROSOFT CORPORATION--HISTORY
650 #0 - SUBJECT ADDED ENTRY--TOPICAL TERM
Topical term or geographic name entry element EMPATHY
650 ## - SUBJECT ADDED ENTRY--TOPICAL TERM
Topical term or geographic name entry element CHIEF EXECUTIVE OFFICERS--UNITED STATES--BIOGRAPHY
650 ## - SUBJECT ADDED ENTRY--TOPICAL TERM
Topical term or geographic name entry element MICROSOFT CORPORATION--EMPLOYEES--BIOGRAPHY
650 ## - SUBJECT ADDED ENTRY--TOPICAL TERM
Topical term or geographic name entry element BUSSINESSMEN--UNITED STATES--BIOGRAPHY
995 ## -
-- MAIN LIBRARY OPEN ACCESS
-- 748832
-- CBU-MAIN LIBRARY (Kitwe)
-- 3.18
-- HD 9696.63.U62 Nad
-- 1
-- AVAILABLE
-- Jan 23, 2019
-- 748832
-- Main Library Open Access Collection
995 ## -
-- MAIN LIBRARY OPEN ACCESS
-- 748842
-- CBU-MAIN LIBRARY (Kitwe)
-- 3.18
-- HD 9696.63.U62 Nad
-- 2
-- AVAILABLE
-- Jan 23, 2019
-- 748842
-- Main Library Open Access Collection
999 ## -
-- 76319
-- 76319
Holdings
Withdrawn status Lost status Source of classification or shelving scheme Damaged status Not for loan Permanent Location Current Location Shelving location Date acquired Total Checkouts Full call number Barcode Date last seen Copy number Price effective from Koha item type
          CBU-MAIN LIBRARY, KITWE. CBU-MAIN LIBRARY, KITWE.   04/25/2023   HD 9696.63.U62 Nad 748832 04/25/2023 1 04/25/2023 MONOGRAPH
          CBU-MAIN LIBRARY, KITWE. CBU-MAIN LIBRARY, KITWE.   04/25/2023   HD 9696.63.U62 Nad 748842 04/25/2023 2 04/25/2023 MONOGRAPH